| 000 | 01757cam a22004577a 4500 | ||
|---|---|---|---|
| 001 | 16423603 | ||
| 003 | OSt | ||
| 005 | 20150408114106.0 | ||
| 008 | 100819s2011 nyua b 001 0 eng | ||
| 010 | _a 2010935301 | ||
| 015 |
_aGBB033088 _2bnb |
||
| 016 | 7 |
_a101558419 _2DNLM |
|
| 016 | 7 |
_a015499361 _2Uk |
|
| 020 | _a9780387928074 (hbk. : alk. paper) | ||
| 020 | _a0387928073 (hbk. : alk. paper) | ||
| 020 | _a9780387928081 (eISBN) | ||
| 020 | _a0387928081 (eISBN) | ||
| 035 | _a(OCoLC)ocn495780941 | ||
| 040 |
_aNLM _cNLM _dUKM _dBTCTA _dOHX _dYDXCP _dC#P _dBWX _dCDX _dAGL _dVRC _dDLC |
||
| 042 |
_anlmcopyc _alccopycat |
||
| 050 | 0 | 0 |
_aQP624.75.P74 _bB56 2011 |
| 060 | 0 | 0 | _a2011 F-766 |
| 060 | 1 | 0 | _aQU 58.5 |
| 070 | 0 |
_aQP624.75.P74 _bB56 2011 |
|
| 082 | 0 | 4 |
_a572.864 _222 _bBID |
| 245 | 0 | 0 |
_aBiophysics of DNA-protein interactions : _bfrom single molecules to biological systems / _cMark C. Williams, L. James Maher, III, editors. |
| 260 |
_aNew York : _bSpringer, _cc2011. |
||
| 300 |
_ax, 349 p. : _bill. (some col.) ; _c24 cm. |
||
| 490 | 1 | _aBiological and medical physics, biomedical engineering | |
| 504 | _aIncludes bibliographical references and index. | ||
| 650 | 0 |
_aDNA-protein interactions. _918855 |
|
| 650 | 0 |
_aMolecular biology. _96621 |
|
| 650 | 1 | 2 |
_aDNA-Binding Proteins. _918856 |
| 650 | 2 | 2 |
_aBiophysical Phenomena. _918857 |
| 700 | 1 |
_aWilliams, Mark C. _q(Mark Christian) _918858 |
|
| 700 | 1 |
_aMaher, L. James _q(Louis James), _d1960- _918859 |
|
| 830 | 0 |
_aBiological and medical physics, biomedical engineering. _918860 |
|
| 906 |
_a7 _bcbc _ccopycat _d2 _encip _f20 _gy-gencatlg |
||
| 942 |
_2ddc _cDVD |
||
| 999 |
_c26592 _d261092 |
||